000 00486nam a2200169Ia 4500
005 20240702105032.0
008 240126s9999 xx 000 0 und d
020 _a9788131203293
082 _a004.35 SMI;1 R
100 _aSmith, James E. Nair, Ravi.
245 0 _aVirtual machines versatile platforms for systems and processes
260 _bElsevier
_aNew Delhi
_c2005
300 _axxii, 638
440 _aNULL
650 _aVirtual,machines,versatile,platforms
942 _cPU
999 _c273854
_d273854